Statistics for AJR Songs

Click here to take the quiz!

General Stats

  • This quiz has been taken 467 times
    (275 since last reset)
  • The average score is 31 of 57

Answer Stats

HintAnswer% Correct
OK OrchestraBang!
78%
OK OrchestraWorld's Smallest Violin
76%
The Click (Deluxe)Burn the House Down
75%
Living RoomOverture
73%
The ClickOverture
73%
The ClickWeak
72%
OK OrchestraOK Overture
69%
The ClickSober Up (feat. Rivers Cuomo)
67%
OK OrchestraBummerland
66%
The ClickTurning Out
66%
NeotheaterTurning Out Pt. ii
66%
OK OrchestraWay Less Sad
66%
Neotheater100 Bad Days
65%
Living RoomI'm Ready
64%
SingleThe DJ is Crying for Help
63%
NeotheaterDon't Throw Out My Legos
62%
OK Orchestra3 O'Clock Things
61%
The ClickCome Hang out
60%
NeotheaterDear Winter
60%
NeotheaterFinale (Can't Wait To See What You Do Next)
60%
OK OrchestraHumpty Dumpty
60%
SingleI Won't
60%
NeotheaterKarma
60%
NeotheaterBirthday Party
59%
OK OrchestraJoe
59%
OK OrchestraChristmas in June
58%
The ClickNetflix Trip
56%
The ClickCall My Dad
55%
NeotheaterNext Up Forever
55%
The Click (Deluxe)Pretender - Acoustic
55%
The ClickNo Grass Today
54%
The ClickThree-Thirty
53%
OK OrchestraMy Play
52%
OK OrchestraOrdinaryish People (feat. Blue Man Group)
52%
The ClickBud Like You
51%
The ClickThe Good Part
51%
OK OrchestraAdventure Is Out There
50%
The ClickDrama
50%
The ClickI'm Not Famous
50%
NeotheaterThe Entertainment's Here
50%
Living RoomPitchfork Kids
49%
OK OrchestraThe Trick
49%
NeotheaterBeats
48%
Living RoomInfinity
48%
NeotheaterBreak My Face
45%
The Click (Deluxe)Normal
45%
Living RoomThirsty
45%
NeotheaterWow, I'm Not Crazy
45%
The Click (Deluxe)Role Models
44%
Living RoomWoody Allen
42%
Living RoomThe Green and the Town
39%
Living RoomGrowing Old on Bleecker Street
37%
Living RoomBig White Bed
36%
Living RoomThe World Is a Marble Heart
36%
Living RoomMy Calling
32%
Living RoomBig Idea
31%
Living RoomLivin' on Love
31%

Score Distribution

Percentile by Number Answered

Percent of People with Each Score

Your Score History

You have not taken this quiz since the last reset